吃飯

資料類型: Book 圖書   書目號:46739

Leader xxxxxxxxxx
001 __ PCLIS00046739
005 __ 20130827091012.0008
010 0_ |a978-986-173-896-3|b平裝|d新臺幣350元
042 __ |anbic
100 __ |a20130827d2013    m  y0chiy50      e
101 0_ |achi
102 __ |atw
105 __ |ay   z   000ay
200 1_ |a吃飯|e|f章小東著
205 __ |a初版
210 __ |a臺北市|c麥田出版|c家庭傳媒城邦分公司發行|d2013[民102]
215 0_ |a357面|c|d21公分
225 2_ |a麥田文學|v264
300 __ |a
410 _1 |12001 |a麥田文學|v264
681 __ |a857.7|b0095-1
700 _1 |a|b小東|4
702 __ |a|b|4
801 _2 |atw|b輔仁大學|c20130613|gCCR
801 _2 |atw|bNDHU|c20130827|gCCR
詳細館藏(共 1 筆)
索 書 號登 錄 號冊次號館別 / 館藏地流通類型狀態加入預約清單電子資源
857.7 / 8447 2019289  圖書館 / 一樓普通區 可外借30天 在館   

| 條列資料




目錄查詢 分類查詢 個人資料 圖書薦購 新書查詢 閉館日 排行榜 更多電子資源 Hami書城 線上資料庫 登出

From : 216.73.217.52

  本日流通累計至 04:13:30 借閱 : 0 次 續借 : 0 次 歸還 : 0 次 預約 : 0 次 電子資源 : 0 次


內湖高中圖書館  PCLIS 版本  26.5.0.12